000 00550nam a22001814a 4500
001 BIBLIOTECA MUNICIPAL DE BARRANCO
007 ta
008 t pe gr 00| 0 spa d
040 _aBIBLIOTECA MUNICIPAL DE BARRANCO
041 _aspa
043 _cpe
082 _2869.56
_bL73D 1990.
100 _aLizarzaburu Gutiérrez; Germán
245 _aDimensión del espacio :
_bInspiraciones /
_cGermán, Lizarzaburu Gutiérrez ;
260 _aLima :
_bConcytec ;
_c1990.
300 _a48 p.
_c21 cm.
942 _cBK
_e2025-11-15
_zAAOH
999 _c11022
_d11022